000
00268nam a22001217a 4500
082
_a
891.43930
100
_a
MUMTAZ MUFTI
245
_a
PIYAAZ KAY CHHILKAKY
260
_a
Lohare,
_b
Al Faisal Publisher,
_c
2005.
300
_a
184p. ;
500
_a
Hardcover.
942
_c
BK
999
_c
32575
_d
32575